Uso de flujos de información de alta frecuencia para pronósticos de corto plazo de la actividad económica en Argentina (Registro nro. 15090)

Detalles MARC
000 -LEADER
fixed length control field 00462 a2200133 4500
001 - CONTROL NUMBER
control field ART_7417
005 - DATE AND TIME OF LATEST TRANSACTION
control field 20260410161700.0
008 - FIXED-LENGTH DATA ELEMENTS--GENERAL INFORMATION
fixed length control field 260409a
100 1# - MAIN ENTRY--PERSONAL NAME
Personal name DAmato, Laura
245 10 - TITLE STATEMENT
Title Uso de flujos de información de alta frecuencia para pronósticos de corto plazo de la actividad económica en Argentina
700 1# - ADDED ENTRY--PERSONAL NAME
Personal name Garegnani, Lorena
700 1# - ADDED ENTRY--PERSONAL NAME
Personal name Blanco, Emilio
773 0# - HOST ITEM ENTRY
Title Ensayos Económicos
Related parts - Nº 64 (oct./dic. 2011)
Record control number REV620

No hay ítems disponibles.